000 00556nam a2200193 a 4500
005 20130803143414.0
008 960221s1955 dcuabcdjdbkoqu001 0deng d
020 _a9788126517862
080 _a004.896
_bFIN
100 _aFinkelstein, Ellen
_913240
245 _aAuto CAD 2009 and auto CAD LT 2009 Bible
260 _aNew Delhi
_bWiley India
_c2009
300 _axliv, 1226p.
490 _ainclude DVD
500 _a
653 _aAuto CAD 2009-Computer drawings
_aAuto CAD LT 2009-Computer drawings
_aComputer science
942 _cBK
003 ViArRB
999 _c56453
_d56452